Matemáticas básicas (Registro nro. 8126)

Detalles MARC
000 -LEADER
fixed length control field 01003 a2200229 4500
001 - CONTROL NUMBER
control field 63339
005 - DATE AND TIME OF LATEST TRANSACTION
control field 20260407155930.0
008 - FIXED-LENGTH DATA ELEMENTS--GENERAL INFORMATION
fixed length control field 260407a1972 arg spa d
003 - CONTROL NUMBER IDENTIFIER
control field AR-UNSa-BCEJYS
040 ## - CATALOGING SOURCE
Original cataloging agency AR-UNSa-BCEJYS
Language of cataloging spa
Transcribing agency AR-UNSa-BCEJYS
080 ## - UNIVERSAL DECIMAL CLASSIFICATION NUMBER
Universal Decimal Classification number 510
Common auxiliary subdivision Consideraciones fundamentales y generales de las matemáticas<br/>
041 ## - LANGUAGE CODE
Language code of text/sound track or separate title spa
100 1# - MAIN ENTRY--PERSONAL NAME
Personal name Springer, Clifford H.
245 10 - TITLE STATEMENT
Title Matemáticas básicas
264 #1 - PRODUCTION, PUBLICATION, DISTRIBUTION, MANUFACTURE, AND COPYRIGHT NOTICE
Place of production, publication, distribution, manufacture México :
Name of producer, publisher, distributor, manufacturer Unión Tipográfica Editorial Hispano-Americana (UTEHA)
Date of production, publication, distribution, manufacture, or copyright notice 1972
300 ## - PHYSICAL DESCRIPTION
Extent xii, 287 p.
Dimensions 23 cm.
505 ## - FORMATTED CONTENTS NOTE
Formatted contents note 1. El idioma de las matemáticas - 2. Organización de datos estadísticos – 3. Medidas estadísticas – 4. Repaso del algebra – 5. Relaciones entre variables – 6. El cálculo diferencial e integral: La matemática del cambio o variación – 7. Matrices y sus aplicaciones – 8. Algebra de conjuntos –
590 ## - LOCAL NOTE (RLIN)
Local note niveau_biblio:m niveau_hierar:0
700 1# - ADDED ENTRY--PERSONAL NAME
Personal name Herlihy, Robert E.
700 1# - ADDED ENTRY--PERSONAL NAME
Personal name Beggs, Robert I.
942 ## - ADDED ENTRY ELEMENTS (KOHA)
Koha item type
Existencias
Withdrawn status Lost status Damaged status Not for loan Home library Current library Shelving location Date acquired Total checkouts Full call number Barcode Date last seen Price effective from Koha item type
        Biblioteca Prof. Eusebio Cleto del Rey Biblioteca Prof. Eusebio Cleto del Rey   07/04/2026   510 S769 v.1 L25061 07/04/2026 07/04/2026 Libro